000
00194 a2200097 4500
020
_a
2370000671363
041
_a
eng
100
_a
Rachel Pieh Jones
245
_a
Stronger than Death
942
_c
BK
999
_c
28124
_d
28124